| 000 | 00466nam a2200145 a 4500 | ||
|---|---|---|---|
| 001 | 7246 | ||
| 005 | 20180713191134.0 | ||
| 008 | 140415s1992 000 0 spa d | ||
| 041 | _aspa | ||
| 082 |
_a304.21724 _bINF |
||
| 245 | 0 | 0 | _aINFORME SOBRE EL DESARROLLO MUNDIAL 1992 DE DESARROLLO... |
| 260 |
_a[s.l.] : _bBANCO MUNDIAL, _c1992 |
||
| 300 | _a300 | ||
| 650 | 1 | 4 |
_aCONTAMINACION DEL AGUA _xCONTAMINACION DEL AIRE _xDESAROLLO DE LA COMUNIDAD _xREVISTAS |
| 999 |
_c7246 _d7246 |
||